| 000 | 01514cam a22003974a 4500 | ||
|---|---|---|---|
| 001 | 16932978 | ||
| 005 | 20170105102905.0 | ||
| 008 | 110824s2012 enk b 001 0 eng | ||
| 010 | _a 2011035480 | ||
| 015 |
_aGBB1B2839 _2bnb |
||
| 016 | 7 |
_a015899038 _2Uk |
|
| 020 | _a9780415680806 (hbk.) | ||
| 020 | _a0415680808 (hbk.) | ||
| 020 | _a9780203127469 (ebook) | ||
| 020 | _a0203127463 (ebook) | ||
| 035 | _a(OCoLC)ocn706022707 | ||
| 040 |
_aDLC _cDLC _dYDX _dBTCTA _dYDXCP _dUKMGB _dCDX _dBWX _dE7B _dOCLCQ _dCOO _dDLC |
||
| 042 | _apcc | ||
| 050 | 0 | 0 |
_aJZ5538 _b.P678 2012 |
| 082 | 0 | 0 |
_a327.1/72 _223 |
| 245 | 0 | 0 |
_aPost-war security transitions : _bparticipatory peacebuilding after asymmetric conflicts / _cedited by Véronique Dudouet, Hans Giessmann and Katrin Planta. |
| 260 |
_aLondon ; _aNew York : _bRoutledge, _c2012. |
||
| 300 |
_axxii, 280 p. ; _c24 cm. |
||
| 490 | 1 | _aRoutledge studies in peace and conflict resolution | |
| 504 | _aIncludes bibliographical references and index. | ||
| 650 | 0 |
_aPeace-building _xHistory _y20th century. |
|
| 650 | 0 |
_aPeace-building _vCross-cultural studies. |
|
| 650 | 0 |
_aPeace-building _vCase studies. |
|
| 700 | 1 | _aDudouet, Veronique. | |
| 700 | 1 | _aGiessmann, Hans-Joachim. | |
| 700 | 1 |
_aPlanta, Katrin, _d1982- |
|
| 830 | 0 | _aRoutledge studies in peace and conflict resolution. | |
| 906 |
_a7 _bcbc _corignew _d1 _eecip _f20 _gy-gencatlg |
||
| 942 |
_2ddc _cBK |
||
| 999 |
_c14840 _d14840 |
||